00304nam a2200097Ia 4500008004100000245007500041245002000116260000900136650001300145856004800158171211s9999 xx 000 0 und d aPartial Faiths: Postsecular Fiction in the Age of Pynchon and Morrison cJohn A. McClure c2007 xReligion uhttp://down.ebook777.com/062/0820330337.pdf